• 首页
  • 本馆介绍
  • 公告通知
  • 最新文献
  • 馆藏检索
  • 电子资源
  • 读者导购
  • 参考咨询
  • 我的图书馆
  • 登录
  • 详细信息显示
  • 放入我的书架
  • 预约/预借图书
  • 作者相关作品
  • 分类相关作品
  • 丛书相关作品
  • 出版社相关作品

书目信息

  • 表格格式
  • 工作单格式
  • 卡片格式
书名: 高分子物理学
作者: 齐藤信彦著.
分册号:
分册名:
出版地: 东京 :
 
出版社: 株式会社裳华房
出版时间: 1953.
页数: 455 p. ;
开本: 20cm.
丛书名:
中图分类号:
科图分类号:
其他分类号: O56
主题词:
电子资源:
000 00454nam 2200193 a 4500
001 E0729312279
005 20070719081456.82
008 070719s1953 00010 eng
020    @cCNY2.40.
040    @aPFT@bchi
041    @achi@hjpn
090    @aO56
099    @dO56@ex1=2
245 1  @a高分子物理学 / @c齐藤信彦著.
250    @a改订版.
260    @a东京 :@b株式会社裳华房,@c1953.
300    @a455 p. ;@c20cm.
650    @a物理学习
700    @a齐藤信彦著
    
    高分子物理学 / / 齐藤信彦著.-改订版.-东京 : : 株式会社裳华房, , 1953.
    455 p. ; ; 20cm.
    
    
    ISBN CNY2.40.
    
●
相关链接 在E读中查询图书 在五车中查询图书 在当当中查询图书 在豆瓣中查询图书


正题名:高分子物理学     索取号:O56/x1=2         预约/预借

序号 登录号 条形码 馆藏地/架位号 状态 备注
1 152341   001303333   第二样本阅览室/ [索取号:O56/x1=2] 在馆    
2 152342   001303342   第四借阅区/ [索取号:O56/x1=2] 在馆    
唐山师范学院图书馆 欢迎您!
大连网信软件有限公司© 版权所有